ბათუმის შოთა რუსთაველის სახელმწიფო უნივერსიტეტის ბიბლიოთეკა

Античная Живопись / (ბიბ.ჩანაწერი № 60980)

000 -LEADER
fixed length control field 00813nam a22001937a 4500
005 - DATE AND TIME OF LATEST TRANSACTION
control field 20231201155751.0
008 - FIXED-LENGTH DATA ELEMENTS--GENERAL INFORMATION
fixed length control field 231201s1966ru xxu||||| |||| 00| 0 rus d
041 ## - LANGUAGE CODE
Language code of text/sound track or separate title rus
080 ## - UNIVERSAL DECIMAL CLASSIFICATION NUMBER
Universal Decimal Classification number 7.032 Ч-81
100 ## - MAIN ENTRY--PERSONAL NAME
Personal name ЧУБОВА, АННА ПЕТРОВНА
9 (RLIN) 20552
245 ## - TITLE STATEMENT
Title Античная Живопись /
Statement of responsibility, etc. А. П. Чубова, А. П. Иванова ; ред. О. С. Семионов.
264 ## - PRODUCTION, PUBLICATION, DISTRIBUTION, MANUFACTURE, AND COPYRIGHT NOTICE
Place of production, publication, distribution, manufacture Москва :
Name of producer, publisher, distributor, manufacturer Искуство,
Date of production, publication, distribution, manufacture, or copyright notice 1966.
300 ## - PHYSICAL DESCRIPTION
Extent 340 c .:
Other physical details +40 стр, цветых приклеек. 75 и
Dimensions 28 см.
653 ## - INDEX TERM--UNCONTROLLED
keyword Античная Живопись
653 ## - INDEX TERM--UNCONTROLLED
keyword ანტიკური მხატვრობა
700 ## - ADDED ENTRY--PERSONAL NAME
Personal name Иванова. А. П.
9 (RLIN) 20553
700 ## - ADDED ENTRY--PERSONAL NAME
Personal name Семионов, О. С
Relator term რედაქტორი
9 (RLIN) 20554
942 ## - ADDED ENTRY ELEMENTS (KOHA)
Source of classification or shelving scheme
Koha item type წიგნი
ეგზემპლარები
Withdrawn status Lost status Source of classification or shelving scheme Damaged status Not for loan Permanent Location Current Location Shelving location Date acquired Cost, normal purchase price Full call number Barcode Date last seen Copy number Uniform Resource Identifier Price effective from Koha item type Public note
          ბათუმის შოთა რუსთაველის სახელმწიფო უნივერსიტეტის მთავარი ბიბლიოთეკა ბათუმის შოთა რუსთაველის სახელმწიფო უნივერსიტეტის მთავარი ბიბლიოთეკა წიგნსაცავი 2023-12-01 12.00 7.032 Ч-81 65525 2023-12-01 65525 ბსუ-ს საპატიო დოქტორის გურამ ლორთქიფანიძის საჩუქარი 2023-12-01 წიგნი 12.00